000 00792nam a2200181 i 4500
001 187762
003 ES-MaACL
005 20251108164635.0
008 180214s1911 sp |||| | spa d
245 0 3 _aEl Fuero de Zorita de los Canes según el códice 247 de la Biblioteca Nacional (siglo XIII al XIV) y sus relaciones con el Fuero Latino de Cuenca y el Romanceado de Alcázar /
_cpor Rafael de Ureña y Smenjaud.
260 _a[S.l.] :
_b[s.n.],
_c1911 (
_eMadrid :
_fEstab. Tip. de Fortanet)
300 _aXL, 423 p., [2] h. de lám. ;
_c24 cm.
594 _aPrecede al título: Real Academia de la Historia.
650 4 _aFueros-
_zZorita de los Canes.
_9164252
700 1 _aUreña y Smenjaud, Rafael de,
_d1852-1930
_9112127
852 _aES-MaACL
_jA-341
999 _c187762
_d187762